Robust control theory and applications
Salvato in:
| Autori principali: | , |
|---|---|
| Natura: | Libro |
| Lingua: | inglese |
| Pubblicazione: |
Singapúr
John Wiley & Sons Singapore
2016
|
| Accesso online: | Visualizza in OPAC |
| Tags: |
Nessun Tag, puoi essere il primo ad aggiungerne!!
|
MARC
| LEADER | 00000nam a2200000 a 4500 | ||
|---|---|---|---|
| 005 | 20260127134238.0 | ||
| 008 | 161124 2016 a 000 0 eng d | ||
| 020 | |a 9781118754375 | ||
| 035 | |a vtls011594998 | ||
| 039 | 9 | |y 201611241003 |z mschk03 | |
| 040 | |a STUSCHK1 |b slo |c STUSCHK1 |e AACR2 | ||
| 100 | 1 | |a Kang-Zhi, Liu | |
| 245 | 1 | |a Robust control |b theory and applications |c Kang-Zhi Liu a Yu Yao | |
| 260 | |a Singapúr |b John Wiley & Sons Singapore |c 2016 | ||
| 300 | |a xviii, 460 s. |b il. |c 24 cm | ||
| 504 | |a Obsahuje literatúru a index | ||
| 700 | 1 | |a Yo, Yao |4 aut | |
| 910 | |a SCHK95 | ||
| 999 | |c 7714 |d 7714 | ||